Centroamérica: Pobreza y empleo rural
El documento está dividido en dos apartados: en el primero se explica el caso del deficit del maíz y el aumento de la productividad en Honduras. El segundo analiza las políticas agrarias y de granos básicos en El Salvador, realizando una evaluación y planteando una propuesta al respecto. En ambos ap...
Guardado en:
| Institution som forfatter: | |
|---|---|
| Format: | Texto |
| Udgivet: |
Ginebra:
OIT.PREALC
|
| Fag: | |
| Tags: |
Tilføj Tag
Ingen Tags, Vær først til at tagge denne postø!
|
MARC
| LEADER | 00000 a a2200000 04500 | ||
|---|---|---|---|
| 001 | 32865 | ||
| 003 | |||
| 040 | |||
| 090 | |a 204806 | ||
| 110 | |a Organización Internacional del Trabajo | ||
| 245 | |a Centroamérica: Pobreza y empleo rural | ||
| 260 | |a Ginebra: |b OIT.PREALC | ||
| 300 | |a 341 p. | ||
| 520 | |a El documento está dividido en dos apartados: en el primero se explica el caso del deficit del maíz y el aumento de la productividad en Honduras. El segundo analiza las políticas agrarias y de granos básicos en El Salvador, realizando una evaluación y planteando una propuesta al respecto. En ambos apartados se realiza un abordaje desde la problemática del campesinado | ||
| 650 | |a CAMPESINADO | ||
| 650 | |a POLITICA AGRARIA | ||
| 650 | |a GRANOS | ||
| 650 | |a EL SALVADOR | ||
| 650 | |a HONDURAS | ||
| 650 | |a EFECTO SOBRE EMPLEO Y DIVISAS POR AUMENTO EN EL CONSUMO | ||
| 999 | |c 6854 |d 6854 | ||
